000
00340nam a22001457a 4500
008
240318b ||||| |||| 00| 0 eng d
020
_a
10014
041
_a
eng
080
_2
1969
_a
101
082
_a
101DUC
100
_a
44
101
_a
FILOZOFI
245
_a
CAUSATION AND THE TYPES OF NECESSITY
_c
CURT JOHN DUCASSE
942
_2
udc
_c
BK
999
_c
60606
_d
60606